I Promise

Bibliographic Details
Main Author: Acik Lana (Author)
Corporate Author: Jabatan Editorial Kaki Novel (Editor)
Format: Book
Language:Malay
Published: Kuala Lumpur : Penerbitan kaki Novel Sdn. Bhd. 2020
Subjects:

MARC

LEADER 00000cam a2200000 7i4500
001 0000029918
005 20220815.0
008 220728 my may
020 |a 9789670874579 
040 |a INS   |b eng   |e rda 
090 0 0 |a PL5186.A35   |b I77 2020 
100 0 |a Acik Lana ,   |e author 
245 1 0 |a I Promise   |c Acik Lana   |f Editor Jabatan Editorial Kaki Novel 
264 1 |a Kuala Lumpur :   |b Penerbitan kaki Novel Sdn. Bhd.   |c 2020 
336 |a text  |2 rdacontent 
337 |a unmediated  |2 rdamedia 
338 |a volume  |2 rdacarrier 
650 0 |a Malay fiction 
710 1 |a Jabatan Editorial Kaki Novel   |e editor 
999 |a 0000024839   |b BOOK   |c Open Shelf   |e Default branch